| 000 | 00490nam a2200181Ia 4500 | ||
|---|---|---|---|
| 005 | 20230404130529.0 | ||
| 008 | 131103s9999 xx 000 0 und d | ||
| 020 |
_a70691491 0 _cRs.12 |
||
| 040 | _aLoreto College | ||
| 041 | _aEnglish | ||
| 082 |
_a891.08 _bMOD |
||
| 245 |
_aModern Indian stories _b the first volume _cedited by Pritish Nandy |
||
| 260 |
_aSahibabad _bVikas Publication _c1983 |
||
| 300 | _axii,140 p. | ||
| 440 | _aTarang Paperbacks | ||
| 850 | _aLCLIB | ||
| 942 | _cBK | ||
| 999 |
_c4665 _d55144 |
||